000 00677 a2200205 4500
001 55414
005 20260407155828.0
008 260407a1970 arg spa d
003 AR-UNSa-BCEJYS
040 _aAR-UNSa-BCEJYS
_bspa
_cAR-UNSa-BCEJYS
080 _a347
_xDerecho Civil
245 1 0 _aTratado de derecho civil argentino
264 1 _aBuenos Aires :
_bPerrot
_c1970
300 _a5 v. (517 ; 579 p.)
_c22 cm.
505 _aTomo 1: Parte general - Tomo 2: Obligaciones - Tomo 3: Contratos - Tomo 4: Derechos reales - Tomo 5: Familia - Tomo 6: Sucesiones
041 _aspa
942 _cBK
590 _aniveau_biblio:m niveau_hierar:0
100 1 _aBorda, Guillermo A.
999 _c5947
_d5947